| Поле | Инд. | ПП | Название | Значение |
|---|---|---|---|---|
| Тип записи | a | |||
| Библиографический уровень | m | |||
| 001 | Контрольный номер | a2b7f9ba-b725-4826-bfe7-a07ffbc642a9 | ||
| 005 | Дата корректировки | 20140703141634.1 | ||
| 008 | Кодируемые данные | 051017 | ||
| 020 | c | Цена, тираж | 18.00 | |
| 040 | a | Служба первич. каталог. | НБ ТвГУ | |
| 041 | a | Код языка текста | rus | |
| 080 | a | Индекс УДК | 070.422(075.8) | |
| 084 | a | Индекс другой классификации/Индекс ББК | Ч612.18я73-1 | |
| 090 | x | Авторский знак | Б72 | |
| a | Полочн. индекс | Ч612.1 | ||
| 100 | 1_ | a | Автор | Бобков Анатолий Кириллович |
| 245 | 10 | a | Заглавие | Основы творческой деятельности журналиста |
| b | Продолж. заглавия | учеб. пособие | ||
| c | Ответственность | А. К. Бобков ; Федерал. агентство по образованию, Иркут. гос. ун-т, Фак. филологии и журналистики | ||
| 260 | 0_ | a | Место издания | Иркутск |
| b | Издательство | Иркутский гос. ун-т | ||
| c | Дата издания | 2005 | ||
| 300 | a | Объем | 94, [1] с. | |
| 504 | a | Библиография | Библиогр.: с. 93-94 и в подстроч. примеч.. | |
| 583 | a | Действие | Получение впервые 298 17.10.2005 | |
| k | Исполнитель действия | обмен | ||
| 650 | a | Основная рубрика | Журналистика | |
| x | Основная подрубрика | Учебники для вузов | ||
| 650 | a | Основная рубрика | Журналистская деятельность | |
| 650 | a | Основная рубрика | Журналисты | |
| x | Основная подрубрика | Методы работы | ||
| x | Основная подрубрика | Творчество | ||
| 653 | a | Ключевые слова | Журналистика | |
| a | Ключевые слова | Работа журналиста | ||
| a | Ключевые слова | Творчество журналиста | ||
| a | Ключевые слова | Журналистская деятельность | ||
| a | Ключевые слова | Журналистское творчество | ||
| a | Ключевые слова | Журналисты | ||
| 852 | t | Порядковый номер экземпляра | 1 | |
| p | Инвентарный номер | 821193 | ||
| 888 | a | Бесплатные | ||
| 930 | a | Новая/Ретро | учебники | |
| 952 | p | 298.2005 18.00 1 821193 | ||
| c | Вид литературы | К ру | ||
| 954 | a | Дата поступления на обработку | 20060117 | |
| 999 | a | Подразделение 2 | ч.з. |